00541nam a2200145Ia 4500008004100000041000800041082001300049100002400062245005000086260003100136300001300167906001100180999001700191952018700208220530s9999 xx 000 0 und d aeng a510bDES aDeshmukh D T955508 aA Text Book of Engineering Mathematcs Vol -II aWardhabSurya Offsetc2009 a968PbPB a60bGB c50523d50523 001040708Allied ScienceaCEWNbCEWNd2011-10-18eInternational Book House Pvt Ltdg300.00l2m1o510pCEWN-BK-2829r2025-02-03 00:00:00s2024-12-16v240.00w2022-05-30yBKz002829